Microsoft SQL server 2008 : (Record no. 28943)

MARC details
000 -LEADER
fixed length control field 00985cam a2200277 a 4500
005 - DATE AND TIME OF LATEST TRANSACTION
control field 20090324155733.0
008 - FIXED-LENGTH DATA ELEMENTS--GENERAL INFORMATION
fixed length control field 081202s2009 nyua 001 0 eng
010 ## - LCCN (DPL NO)
LC control number ENG-94645
020 ## - INTERNATIONAL STANDARD BOOK NUMBER
International Standard Book Number 9780070142404
Terms of availability 425.00
020 ## - INTERNATIONAL STANDARD BOOK NUMBER
International Standard Book Number 0070142408
Terms of availability 425.00
035 ## - SYSTEM CONTROL NUMBER
System control number EN-78178
037 ## - SOURCE OF ACQUISITION
Source of stock number/acquisition DBAD / PUB
040 ## - CATALOGING SOURCE
Original cataloging agency dpl
Language of cataloging English
082 ## - DEWEY DECIMAL CLASSIFICATION NUMBER
Classification number 005.4476
100 ## - MAIN ENTRY--PERSONAL NAME
Personal name Otey, Michael
245 ## - TITLE STATEMENT
Title Microsoft SQL server 2008 :
Remainder of title new features /
Statement of responsibility, etc by Michael Otey
260 ## - PUBLICATION, DISTRIBUTION, ETC. (IMPRINT)
Place of publication, distribution, etc New Delhi
Name of publisher, distributor, etc Tata McGraw Hill
Date of publication, distribution, etc 2009
270 ## - ADDRESS
Address 7 West Patel Nagar,
City New Delhi
Postal code 110008
300 ## - PHYSICAL DESCRIPTION
Extent xxii, 248 p. :
Other physical details ill. ;
Dimensions 24cm(pbk)
500 ## - GENERAL NOTE
General note Includes index
630 ## - SUBJECT ADDED ENTRY--UNIFORM TITLE
Uniform title SQL server.
650 ## - SUBJECT ADDED ENTRY--TOPICAL TERM
Topical term or geographic name as entry element Relational databases.
650 ## - SUBJECT ADDED ENTRY--TOPICAL TERM
Topical term or geographic name as entry element Client/server computing.
942 ## - ADDED ENTRY ELEMENTS (KOHA)
Source of classification or shelving scheme Dewey Decimal Classification
Item type English Books
Classification part 005.4476
Call number suffix OTE
Holdings
Withdrawn status Lost status Source of classification or shelving scheme Damaged status Not for loan Collection code Home library Current library Date acquired Source of acquisition Cost, normal purchase price Total Checkouts Full call number Barcode Date last seen Copy number Cost, replacement price Koha item type
    Dewey Decimal Classification   Not For Loan Non-fiction D.B.Act.Division D.B.Act.Division 06/08/2009 DBAD / PUB 425.00   005.4476 OTE EN-78178 06/08/2009 1 425.00 English Books

© Delhi Public Library
Hit Counter
free hit counter